| 000 | 01256nam a22002057a 4500 | ||
|---|---|---|---|
| 999 |
_c63317 _d63317 |
||
| 005 | 20250812125514.0 | ||
| 008 | 250812c2025 ge ||||| |||| 00| 0 geo d | ||
| 022 | _a30884188 | ||
| 041 | _ageo | ||
| 245 |
_aმონეტარული ეკონომიკა : _bსამეცნიერო ანალიტიკური ჟურნალი / _cმთ. რედ. მ. კაკულია. |
||
| 260 | _aთბილისი, | ||
| 300 | _aV. | ||
| 653 | _aვალუტა | ||
| 653 | _aბანკი | ||
| 653 | _aმონეტა | ||
| 653 | _aჟურნალი | ||
| 700 |
_aკაკულია, მ. _eმთ. რედაქტორი _925752 |
||
| 856 |
_uhttps://nbg.gov.ge/fm/%E1%83%9E%E1%83%A3%E1%83%91%E1%83%9A%E1%83%98%E1%83%99%E1%83%90%E1%83%AA%E1%83%98%E1%83%94%E1%83%91%E1%83%98/%E1%83%99%E1%83%95%E1%83%9A%E1%83%94%E1%83%95%E1%83%98%E1%83%97%E1%83%98_%E1%83%9C%E1%83%90%E1%83%A8%E1%83%A0%E1%83%9D%E1%83%9B%E1%83%94%E1%83%91%E1%83%98/%E1%83%9B%E1%83%9D%E1%83%9C%E1%83%90%E1%83%A2%E1%83%94%E1%83%A0%E1%83%A3%E1%83%9A%E1%83%98_%E1%83%94%E1%83%99%E1%83%9D%E1%83%9C%E1%83%9D%E1%83%9B%E1%83%98%E1%83%99%E1%83%90/2025/n1/monetaryeconomics-n1-geo.pdf?v=hegsz _yელ. ვერსია |
||
| 942 |
_2udc _cCR |
||